| 000 | 00433nam a2200157 4500 | ||
|---|---|---|---|
| 020 | _a9789361004865 | ||
| 082 |
_aM09 _bRAK/P |
||
| 100 | _aRakesh Cherucodu | ||
| 245 |
_aPurampokkinte adharangal/ _cby Rakesh Cherucodu |
||
| 260 |
_aThiruvananthapuram: _bKerala Bhasha Institute, _c2024. |
||
| 300 | _a216p. | ||
| 650 | _aLiterature Malayalam Criticism | ||
| 650 | _aLiterature Malayalam | ||
| 650 | _aLiterature | ||
| 942 | _cBK | ||
| 999 |
_c181602 _d181602 |
||